[Event "RUS-chT U14"]
[Site "Sochi"]
[Date "2016.05.04"]
[Round "4.1"]
[White "Koren, Vladimir"]
[Black "Suvorov, Aleksandr1111"]
[Result "1/2-1/2"]
[WhiteElo "1826"]
[BlackElo "1938"]
[PlyCount "126"]
[EventDate "2016.05.01"]
[EventType "team-tourn"]
[EventRounds "9"]
[EventCountry "RUS"]
[SourceTitle "EXT 2018"]
[Source "ChessBase"]
[SourceDate "2017.10.13"]
[SourceVersion "1"]
[SourceVersionDate "2017.10.13"]
[SourceQuality "1"]

1. e4 c5 2. c3 d5 3. exd5 Qxd5 4. d4 Nc6 5. Nf3 Bg4 6. Be2 cxd4 7. cxd4 e6 8. Nc3 Qa5 9. 0-0 Nf6 10. Be3 Be7 11. a3 0-0 12. b4 Qd8 13. Rc1 Nd5 14. h3 Bh5 15. Nxd5 Qxd5 16. Bc4 Bxf3 17. Bxd5 Bxd1 18. Bxc6 bxc6 19. Rfxd1 a5 20. bxa5 Rxa5 21. Rxc6 Bxa3 22. Rb1 h6 23. Rb7 Rd8 24. g3 Bd6 25. Kg2 Rd5 26. Ra6 Bf8 27. Raa7 f6 28. Kf3 Re8 29. Rd7 Rd8 30. Rdc7 Re8 31. Rd7 Rd8 32. Rxd8 Rxd8 33. Ke4 Bd6 34. g4 Bf8 35. f4 g6 36. h4 Re8 37. Rd7 Ra8 38. g5 hxg5 39. hxg5 Bg7 40. Bf2 Ra2 41. Bh4 fxg5 42. Bxg5 Ra3 43. Bd8 Ra4 44. Bb6 Ra6 45. Bc5 Ra1 46. Ba7 Re1+ 47. Kd3 Bh6 48. Bb8 g5 49. fxg5 Bxg5 50. Be5 Kf8 51. Ra7 Rf1 52. Bd6+ Kg8 53. Kc4 Rc1+ 54. Kb5 Be3 55. Be5 Kf8 56. Ra3 Bg5 57. Bd6+ Ke8 58. Bc5 Bf6 59. Rf3 Bg7 60. Kc6 Rc4 61. Rf1 Rc2 62. Rf4 Rc4 63. Re4 Kf7 1/2-1/2

[Event "RUS-chT U14"]
[Site "Sochi"]
[Date "2016.05.02"]
[Round "2.2"]
[White "Abramov, Ilya1111"]
[Black "Koren, Vladimir"]
[Result "1-0"]
[WhiteElo "1939"]
[BlackElo "1826"]
[PlyCount "59"]
[EventDate "2016.05.01"]
[EventType "team-tourn"]
[EventRounds "9"]
[EventCountry "RUS"]
[SourceTitle "EXT 2018"]
[Source "ChessBase"]
[SourceDate "2017.10.13"]
[SourceVersion "1"]
[SourceVersionDate "2017.10.13"]
[SourceQuality "1"]

1. d4 d5 2. c4 e6 3. Nc3 Nf6 4. Bg5 Be7 5. e3 0-0 6. Nf3 h6 7. Bh4 b6 8. cxd5 Nxd5 9. Bxe7 Qxe7 10. Nxd5 exd5 11. Bd3 Be6 12. 0-0 Nd7 13. Rc1 c5 14. e4 Rac8 15. Re1 Qf6 16. exd5 Bxd5 17. Ne5 Nxe5 18. dxe5 Qg5 19. g3 Rfd8 20. Qe2 Bb7 21. f4 Qe7 22. Bf5 Rb8 23. e6 Kh8 24. Qh5 Qf6 25. exf7 Qd4+ 26. Kf1 Ba6+ 27. Kg2 Qd5+ 28. Kh3 Qc6 29. Re6 Qd5 30. Rxh6+ 1-0

[Event "RUS-chT U14"]
[Site "Sochi"]
[Date "2015.05.07"]
[Round "7.2"]
[White "Koren, Vladimir"]
[Black "Mutovin, Egor"]
[Result "1-0"]
[WhiteElo "1872"]
[BlackElo "1548"]
[PlyCount "213"]
[EventDate "2015.05.01"]
[EventType "team-swiss"]
[EventRounds "7"]
[EventCountry "RUS"]
[SourceTitle "EXT 2018"]
[Source "ChessBase"]
[SourceDate "2017.10.13"]
[SourceVersion "1"]
[SourceVersionDate "2017.10.13"]
[SourceQuality "1"]

1. e4 c6 2. d4 d5 3. e5 Bf5 4. Nf3 e6 5. Be2 c5 6. c3 Nc6 7. Be3 cxd4 8. Nxd4 Nge7 9. f4 Nxd4 10. Bxd4 Nc6 11. 0-0 Be7 12. Nd2 Nxd4 13. cxd4 Qb6 14. Qa4+ Kf8 15. Nb3 g6 16. Rac1 Kg7 17. Qd7 Rhe8 18. Qb5 Qxb5 19. Bxb5 Rec8 20. Bd7 Rc4 21. Bb5 Rcc8 22. Na5 Bb4 23. Nxb7 Bd2 24. Rc6 Rxc6 25. Bxc6 Be3+ 26. Kh1 Rc8 27. Ba4 Rc4 28. Bb3 Rxd4 29. Nd6 Bd3 30. Rd1 Rxf4 31. g3 Rf1+ 32. Rxf1 Bxf1 33. Ne8+ Kf8 34. Nf6 Bd4 35. Nxh7+ Ke7 36. Bc2 Bxb2 37. Nf6 Bxe5 38. Ng4 Bd4 39. h4 f5 40. Nh2 Bf6 41. Nxf1 e5 42. Kg2 Ke6 43. Kf2 d4 44. Bb3+ Kd6 45. Bf7 g5 46. hxg5 Bxg5 47. Bg6 Ke6 48. g4 fxg4 49. Be4 Bf4 50. Ng3 Kf6 51. Nh5+ Kg5 52. Ng7 Be3+ 53. Kg3 Bf4+ 54. Kg2 Be3 55. Ne6+ Kf6 56. Nc7 Kg5 57. Nd5 Bd2 58. Kf2 Bf4 59. Nb4 Be3+ 60. Kg3 Bd2 61. Nd3 Be3 62. a4 Bd2 63. Kf2 Bf4 64. a5 Bd2 65. a6 Bf4 66. Nb4 Be3+ 67. Ke2 Kf4 68. Kd3 Bc1 69. Nc6 Ba3 70. Nxa7 Bc5 71. Nc6 Bb6 72. a7 Bxa7 73. Nxa7 Kg5 74. Nc6 Kf4 75. Ne7 Kg3 76. Ng6 Kf2 77. Nxe5 g3 78. Ng4+ Kf1 79. Kxd4 Ke2 80. Ne3 Kd2 81. Nf1+ Ke2 82. Nxg3+ Kd2 83. Bd3 Kc1 84. Kc3 Kd1 85. Ne4 Kc1 86. Nd2 Kd1 87. Nf3 Kc1 88. Be2 Kb1 89. Nd2+ Kc1 90. Nb3+ Kb1 91. Bd3+ Ka2 92. Bc2 Ka3 93. Bb1 Ka4 94. Nd4 Ka5 95. Kc4 Kb6 96. Nb5 Ka5 97. Kc5 Ka4 98. Bc2+ Ka5 99. Bb3 Ka6 100. Nd6 Ka5 101. Nb7+ Ka6 102. Kc6 Ka7 103. Kc7 Ka8 104. Bc4 Ka7 105. Nd6 Ka8 106. Bd3 Ka7 107. Nc8+ 1-0